<?xml version="1.0" encoding="UTF-8"?>
<marc:record xmlns:marc="http://www.loc.gov/MARC21/slim">
   <marc:leader>00000nam a2200000 a 4500</marc:leader>
   <marc:datafield ind1=" " ind2=" " tag="653">
      <marc:subfield code="a">Alpen</marc:subfield>
   </marc:datafield>
   <marc:datafield ind1=" " ind2=" " tag="653">
      <marc:subfield code="a">Berchtesgaden</marc:subfield>
   </marc:datafield>
   <marc:datafield ind1=" " ind2=" " tag="653">
      <marc:subfield code="a">UNESCO</marc:subfield>
   </marc:datafield>
   <marc:datafield ind1=" " ind2=" " tag="653">
      <marc:subfield code="a">MAB</marc:subfield>
   </marc:datafield>
   <marc:datafield ind1="0" ind2="0" tag="245">
      <marc:subfield code="a">Landschaftsbildbewertung im Alpenpark Berchtesgaden</marc:subfield>
   </marc:datafield>
   <marc:datafield ind1="0" ind2="0" tag="245">
      <marc:subfield code="b">Umweltpsychologische Untersuchung zur Landschaftsästhetik</marc:subfield>
   </marc:datafield>
   <marc:datafield ind1=" " ind2="1" tag="264">
      <marc:subfield code="a">Bonn</marc:subfield>
      <marc:subfield code="c">1986</marc:subfield>
   </marc:datafield>
   <marc:datafield ind1="1" ind2=" " tag="520">
      <marc:subfield code="a">UNESCO-Programm der Mensch und die Biosphäre (MAB): Ökosystemforschung Berchtesgaden ^aEin Beitrag zum MAB-Projektbereich 6 "Einfluß menschlicher Aktivitäten auf Gebirgs- und Tundraökosysteme", durchgeführt im Auftrag des BM f. Umwelt, Naturschutz und Reaktorsicherheit in Zusammenarbeit dem Bayr. Staatsministerium f. Landschaftsentwicklung und Umweltfragen und des Umweltbundesamtes von der Werkstatt für Landschafts- und Freiraumentwicklung.</marc:subfield>
   </marc:datafield>
   <marc:datafield ind1="0" ind2=" " tag="490">
      <marc:subfield code="v">0</marc:subfield>
   </marc:datafield>
   <marc:datafield ind1=" " ind2=" " tag="300">
      <marc:subfield code="a">151 S.</marc:subfield>
   </marc:datafield>
</marc:record>
